Words That End in "Ket" - Statistics

General Stats
  • This quiz has been taken 17 times
  • The average score is 12 of 113
Answer Stats
# Words % Correct
P Packet
64%
B Blanket
57%
J Jacket
57%
R Racket
57%
R Rocket
57%
B Basket
50%
B Bucket
50%
P Picket
50%
W Wicket
50%
B Bracket
43%
C Cricket
43%
M Market
43%
T Ticket
43%
B Brisket
36%
D Docket
36%
L Locket
36%
P Pocket
36%
S Socket
36%
C Casket
29%
C Crocket
29%
D Ducket
29%
B Backet
21%
S Sacket
21%
T Tacket
21%
B Brocket
14%
C Cocket
14%
C Cracket
14%
J Junket
14%
M Musket
14%
P Placket
14%
B Banket
7%
B Becket
7%
C Clacket
7%
C Clicket
7%
F Fecket
7%
G Gasket
7%
H Hocket
7%
J Jinket
7%
M Mucket
7%
N Nacket
7%
N Nocket
7%
P Pricket
7%
S Snicket
7%
S Spicket
7%
T Thicket
7%
T Trinket
7%
T Tucket
7%
U Unpocket
7%
A Abococket
0%
A Aftermarket
0%
A Antimarket
0%
B Bedjacket
0%
B Blackmarket
0%
B Bluejacket
0%
B Bosket
0%
B Breadbasket
0%
B Bycoket
0%
C Counterpicket
0%
D Downmarket
0%
D Drouket
0%
D Dustjacket
0%
E Empocket
0%
E Euromarket
0%
E Eyesocket
0%
F Flasket
0%
F Fleamarket
0%
F Forjesket
0%
F Frisket
0%
G Glaiket
0%
G Gutbucket
0%
H Halucket
0%
H Handbasket
0%
H Hypermarket
0%
I Impocket
0%
L Lasket
0%
L Leatherjacket
0%
L Lifejacket
0%
L Lumberjacket
0%
M Meatmarket
0%
M Midwicket
0%
N Newmarket
0%
N Nonmarket
0%
P Parroket
0%
P Paypacket
0%
P Pickpocket
0%
P Porket
0%
P Premarket
0%
R Ranket
0%
R Rejacket
0%
R Remarket
0%
R Retrorocket
0%
R Rustbucket
0%
S Skyrocket
0%
S Sleazebucket
0%
S Smicket
0%
S Sprocket
0%
S Stockmarket
0%
S Straightjacket
0%
S Straitjacket
0%
S Submarket
0%
S Sunket
0%
S Sunpocket
0%
S Supermarket
0%
T Trebucket
0%
T Tunket
0%
U Unsocket
0%
U Upmarket
0%
W Wastebasket
0%
W Wavepacket
0%
W Whipsocket
0%
W Wisket
0%
W Workbasket
0%
Y Yellowjacket
0%
No matching quizzes found
Score Distribution
Percent of People with Each Score
Percentile by Number Answered
Your Score History
You have not taken this quiz